Регионална библиотека "Любен Каравелов" - Русе

От едно до десет (Запис номер 146357)

MARC детайли
000 -Лидер
Контролно поле с фиксирана дължина 01444nam a2200349 c 4500
003 - Код на организацията, давaща контролен номер
Контролно поле BLK
005 - Дата и час на последна редакция
Контролно поле 20180422112706.0
008 - Елементи от данни с фиксирана дължина
fixed length control field 180410b bul|||||r ||||||| ||bul||
010 ## - Наследен системен номер
LC control number KNG00152544000
040 ## - Източник на каталожния запис
Идентификатор на билиотеката - собственик на записа BLK
041 ## - Код за език
Код за езика на текст/звукозапис или на отделно заглавие Български
Код за езика КДБФ Български
080 ## - УДК
Текстов определител УДК Руска литература
УДК код - определител по УДК 821.161.1
УДК определител -93-1
УДК - код + определител 821.161.1-93-1
100 1# - Редна дума - Автор
Автор Маршак, Самуел
Авторска отговорност първи автор
R(LIN) 329177
139 ## - Редно поле
Редна дума Маршак, Самуил Яковлевич
Авторски знак Марч - М 36
245 10 - Сведения за заглавието
Заглавие От едно до десет
Подзаглавни данни Весело смятане
Редно поле (дума) Самуел Маршак; прев. от рус. Стоян Етърски; худож. Доньо Донев; * Самуил Яковлевич Маршак.
257 ## - Страна на издаване
Страна на създаване/издаване СССР
260 ## - Област на издателските данни
-- София
Име на издателя, разпространителя и проч. Нар. младеж
Година на издаване 1962
300 ## - Физическа характеристика
Страници 16 с.
Илюстрации и др. с ил.
Размери/Мащаб 16 см
380 ## - Жанр
Жанр Детска худож. лит.
500 ## - Общи забележки
Забележка 100 100 тир.
653 ## - Ключова дума – ненормативна
Ключова дума детска литература
653 ## - Ключова дума – ненормативна
Ключова дума литература за деца
653 ## - Ключова дума – ненормативна
Ключова дума стихотворения за деца
700 1# - Други автори (авторска отговорност)
Лично име Етърски, Стоян
Автороска отговорност (Описва отношението между автора и произведението) прев. от рус.
9 (RLIN) 380089
700 1# - Други автори (авторска отговорност)
Лично име Донев, Доньо
Автороска отговорност (Описва отношението между автора и произведението) худож.
9 (RLIN) 370867
700 1# - Други автори (авторска отговорност)
Лично име Маршак, Самуил Яковлевич
Автороска отговорност (Описва отношението между автора и произведението) *
9 (RLIN) 376552
852 ## - Местоположение
Форматна сигнатура Цб І 35265
856 4# - Електронен адрес и достъп
Електронен формат pdf - файл
Път до файла /url/
856 4# - Електронен адрес и достъп
Електронен формат pdf - файл
Път до файла /url/
942 ## - АРТИКУЛИ
Вид на библиотечния материал Книги
Скрит в OPAC Не
944 ## - СЪЗДАВАНЕ И РЕДАКЦИЯ на ЗАПИСА
Създаване/Редакция Създаване
Дата на регистрацията/редакция 26.10.2013
Статус, дата на статуса 26.10.2013 - от С1,Р / 26.10.2013
Служител, извършил регистрацията/редакцията Гергана_Михайлова
944 ## - СЪЗДАВАНЕ И РЕДАКЦИЯ на ЗАПИСА
Създаване/Редакция Редакция
Дата на регистрацията/редакция 26.10.2013
Статус, дата на статуса 26.10.2013 - от С1,Р / 26.10.2013
Служител, извършил регистрацията/редакцията
999 ## - СИСТЕМНИ КОНТРОЛНИ НОМЕРА
Koha biblionumber 146357
Koha biblioitemnumber 146357
Наличности
Код за отписване Код за изгубен артикул Източник на класификационната схема Код за повреда Коз за рестрикции Код за отдаване Артикулен № Име на библиотеката - собственик Име на библиотеката, в която се намира в момента Статус (Текущо местоположение) Дата на вписване в системата Местоположение - отдел Цена в лева Инвентарен номер Систематично азбучна сигнатура Баркод Номер на екземпляра Цена в евро Служебна бележка Служебен тип на артикула
  Не е изгубен Universal Decimal Classification Не е повреден без рестрикции ползва се в читалня 243370 Регионална библиотека "Любен Каравелов" Русе Регионална библиотека "Любен Каравелов" Русе Хранилище 1962-01-01 Хранилище 0.08 3624/62 Цб І 35265 900000020774 1 0.04 N: стар фонд Дата: 01.01.1962 Книги
Изтеглен Не е изгубен Universal Decimal Classification Не е повреден без рестрикции заемане за дома 243371 Регионална библиотека "Любен Каравелов" Русе Регионална библиотека "Любен Каравелов" Русе Детски отдел 1962-01-01 Детски отдел 0.08 4334/62 ДХ 820/899/М 36 4334/62 2 0.04 N: стар фонд Дата: 01.01.1962 Дата инв: 18.08.2015 Бележки инв: Д2015 Книги
Vip Innovations Ltd, Rousse, Bulgaria 2025